00505nam a2200193 a 4500001001300000003000900013005001700022008004100039020001000080082001300090100002400103245003700127260004100164300000900205500003500214505001000249650002800259700002400287nice12345678IN_TiNIC20260116013433.0050524s1956 lona grp 000 0 eng  ac10000a221bROB aRobinson, H Wheeler aReligious Ideas of the Testament aLondonbGerald Duckworth & Co.c1956 a246p aincludes index and biblioraphy2 aIndex aOld Testament-Commentry1 aRobinson, H Wheeler